000 00304nam a2200121Ia 4500
008 190802s9999 xx 000 0 und d
020 _a978-969-664-0028
100 _aDr. Liaquat Niazi
245 0 _aTo The Point Pakistan Affairs
260 _aKarachi
_bWorld Times
_c2017
300 _a420:p
942 _cBK
999 _c2557
_d2557